| 000 | 01260nac a22003857a 4500 | ||
|---|---|---|---|
| 001 | BR7700497 | ||
| 003 | BR-BrBNA | ||
| 005 | 20240105114021.0 | ||
| 008 | 230509b bl.|||m| |||| 00| 0 por d | ||
| 040 |
_aBR-BrBNA _bpor _cBiblioteca Nacional de Agricultura |
||
| 072 | _aF25 | ||
| 090 | _a1540 BR7700497 | ||
| 100 | 1 | _aSobral, L.F. | |
| 100 | 1 | _aBarreto, A.C. | |
| 100 | 1 | _aSiqueira, L.A. | |
| 100 | 1 | _aSantos, Z.G. dos | |
| 100 | 1 | _aSouza, R.F. | |
| 100 | 1 | _aRezende, J. de O. | |
| 100 | 1 | _aRibeiro, J.V. | |
| 110 | 1 |
_aUnidade de Execucao de Pesquisa de Ambito Estadual de Quissama, Aracaju, SE (Brasil) _910374 |
|
| 245 | 1 | _aEfeitos de macro e micronutrientes na producao da mandioca (Manihot esculenta Crantz) | |
| 260 | 3 |
_aAracaju, SE (Brasil): _c1976. |
|
| 300 | _a13 p. | ||
| 490 |
_aComunicado Tecnico - Unidade de Execucao de Pesquisa de Ambito Estadual de Quissama (Brazil) _vno. 1 _xISSN 0100-4867 |
||
| 500 | _a8 ref.; Summaries (En, Pt) | ||
| 650 | _aADUBACAO | ||
| 650 | _aMANDIOCA | ||
| 650 | _aFERTILIZANTE NITROGENADO | ||
| 650 | _aFERTILIZANTE FOSFATADO | ||
| 650 | _aFERTILIZANTE POTASSICO | ||
| 650 | _aNPK | ||
| 650 | _aSERGIPE | ||
| 909 |
_a202312 _bLúcia Elande _c55 _dLúcia Elande |
||
| 942 |
_2AGRIS _n0 _cMS |
||
| 999 |
_c266911 _d266911 |
||